[Event "DVM U16 2024"]
[Site "Sebnitz GER"]
[Date "2024.12.27"]
[Round "1"]
[White "Geist, Tim"]
[Black "Semling, Julius"]
[Result "0-1"]
[Termination "normal"]
[Board "1.1"]
[WhiteElo "2011"]
[BlackElo "2213"]
[WhiteTeam "SV Isental"]
[BlackTeam "OSG Baden-Baden"]
[PlyCount "96"]
[WhiteFideId "34604324"]
[BlackFideId "16290160"]
[EventCountry "GER"]
[EventRounds "7"]
[EventType "team-swiss"]
[EventDate "2024.12.26"]

1. e4 c5 2. Nf3 d6 3. d4 cxd4 4. Nxd4 Nf6 5. Nc3 Nc6 6. Bg5 e6 7. Qd2 a6 8.
O-O-O Bd7 9. f3 Nxd4 10. Qxd4 Be7 11. Kb1 Qc7 12. Qd2 h6 13. Be3 h5 14. Bg5 b5
15. Bd3 b4 16. Ne2 a5 17. Nd4 Rb8 18. f4 Qa7 19. Nf3 Bc6 20. Rhe1 a4 21. Qe3
Qa5 22. Nd4 Bd7 23. Bxf6 gxf6 24. Bc4 Qc5 25. Qe2 Rc8 26. Bb5 Bxb5 27. Qxb5+
Qxb5 28. Nxb5 Kd7 29. Rd4 Rb8 30. Nxd6 e5 31. fxe5 fxe5 32. Nxf7+ exd4 33. Nxh8
Rxh8 34. Rd1 Bf6 35. c3 bxc3 36. bxc3 Rb8+ 37. Kc2 Rc8 38. Rf1 Rxc3+ 39. Kd2
Ke6 40. Rf5 Ra3 41. Rxh5 Rxa2+ 42. Kd3 Rxg2 43. Ra5 Rxh2 44. Ra6+ Kf7 45. Rxa4
Rh3+ 46. Kc4 Rc3+ 47. Kb4 Rc7 48. Ra3 Be7+ 0-1

[Event "DVM U16 2024"]
[Site "Sebnitz GER"]
[Date "2024.12.27"]
[Round "1"]
[White "Semling, Johannes"]
[Black "Navarro Jahnke, Leo"]
[Result "1/2-1/2"]
[Termination "normal"]
[Board "1.2"]
[WhiteElo "2180"]
[BlackElo "2001"]
[WhiteTeam "OSG Baden-Baden"]
[BlackTeam "SV Isental"]
[PlyCount "95"]
[WhiteFideId "16290151"]
[BlackFideId "16234146"]
[EventCountry "GER"]
[EventRounds "7"]
[EventType "team-swiss"]
[EventDate "2024.12.26"]

1. e4 e5 2. Nf3 Nf6 3. Nxe5 Nxe4 4. Qe2 Qe7 5. Qxe4 d6 6. d4 dxe5 7. dxe5 Nc6
8. Bb5 Bd7 9. O-O O-O-O 10. Nc3 Nxe5 11. Bxd7+ Nxd7 12. Qa4 a6 13. Be3 Qb4 14.
Qxb4 Bxb4 15. Nd5 Bd6 16. Rad1 Rhe8 17. h3 Be5 18. b3 Nf6 19. Nxf6 Bxf6 20. g4
Rxd1 21. Rxd1 Rd8 22. Rxd8+ Kxd8 23. Kg2 Kd7 24. Kf3 c6 25. Ke4 g6 26. c4 Be7
27. f4 Bd6 28. Bd4 Ke6 29. f5+ Kd7 30. a4 Bc7 31. Be5 Bd8 32. Bg3 Bb6 33. Bh4
Bc7 34. Bf6 Bd6 35. Kd4 Bf8 36. Kc3 Kd6 37. Kd4 Kd7 38. Ke4 Bd6 39. Bc3 Bc7 40.
b4 Bd6 41. b5 Bc7 42. bxa6 bxa6 43. Bd4 Bd6 44. Bb6 g5 45. Bd4 Ke7 46. Kd3 f6
47. Bb6 Kd7 48. Bd4 1/2-1/2

[Event "DVM U16 2024"]
[Site "Sebnitz GER"]
[Date "2024.12.27"]
[Round "1"]
[White "Geist, Denis"]
[Black "Uhlmann, Tim"]
[Result "1/2-1/2"]
[Termination "normal"]
[Board "1.3"]
[WhiteElo "1935"]
[BlackElo "2041"]
[WhiteTeam "SV Isental"]
[BlackTeam "OSG Baden-Baden"]
[PlyCount "86"]
[WhiteFideId "34605100"]
[BlackFideId "16239210"]
[EventCountry "GER"]
[EventRounds "7"]
[EventType "team-swiss"]
[EventDate "2024.12.26"]

1. e4 e5 2. Nf3 Nc6 3. d4 exd4 4. Bc4 Bc5 5. c3 Nf6 6. e5 d5 7. Bb5 Ne4 8. cxd4
Bb6 9. O-O O-O 10. Nc3 Bg4 11. Be3 f6 12. Nxe4 dxe4 13. Qb3+ Kh8 14. Bxc6 bxc6
15. Nd2 Bxd4 16. exf6 Bxf6 17. Nxe4 Rb8 18. Qc4 Bxb2 19. Rab1 Qd5 20. Qc5 Qxa2
21. Qxc6 Be2 22. Rfe1 Bd3 23. Rbd1 Bxe4 24. Qxe4 Bc3 25. Rf1 a5 26. Rd7 Rf7 27.
Rd3 Bf6 28. Ba7 Rg8 29. Rh3 g6 30. Bd4 Rd8 31. Bxf6+ Rxf6 32. Rxh7+ Kxh7 33.
Qe7+ Rf7 34. Qxd8 Qc4 35. h4 a4 36. Re1 a3 37. Re8 Qc3 38. Qd5 Qc1+ 39. Kh2
Qf4+ 40. Kh3 Qxf2 41. Qe5 Qf5+ 42. Qxf5 Rxf5 43. Ra8 c5 1/2-1/2

[Event "DVM U16 2024"]
[Site "Sebnitz GER"]
[Date "2024.12.27"]
[Round "1"]
[White "Miller, Lysander"]
[Black "Ruhland, Nico"]
[Result "1-0"]
[Termination "normal"]
[Board "1.4"]
[WhiteElo "1788"]
[BlackElo "1618"]
[WhiteTeam "OSG Baden-Baden"]
[BlackTeam "SV Isental"]
[PlyCount "73"]
[WhiteFideId "34628398"]
[BlackFideId "34646345"]
[EventCountry "GER"]
[EventRounds "7"]
[EventType "team-swiss"]
[EventDate "2024.12.26"]

1. e4 e5 2. Nf3 Nf6 3. Nc3 Nc6 4. a3 h6 5. d4 exd4 6. Nxd4 Nxd4 7. Qxd4 d6 8.
Bc4 Be7 9. Be3 O-O 10. f3 Be6 11. O-O-O Bxc4 12. Qxc4 Nd7 13. f4 c6 14. g4 Nb6
15. Qe2 Qe8 16. h4 Bf6 17. Bd4 Bxd4 18. Rxd4 Qe7 19. g5 f5 20. gxh6 gxh6 21.
Qh5 Rf6 22. Kb1 Qf7 23. Qd1 Nc8 24. e5 Rg6 25. h5 Re6 26. Rg1+ Kh7 27. exd6 Qd7
28. Qd3 Rxd6 29. Ne4 fxe4 30. Qxe4+ Kh8 31. Rg6 Rxd4 32. Rxh6+ Kg8 33. Qg6+ Qg7
34. Qe8+ Qf8 35. Rg6+ Kh7 36. Qxf8 Rd7 37. Qh6# 1-0

[Event "DVM U16 2024"]
[Site "Sebnitz GER"]
[Date "2024.12.27"]
[Round "1"]
[White "Malinowsky, Levi"]
[Black "Polzin, Gustav"]
[Result "1-0"]
[Termination "normal"]
[Board "2.1"]
[WhiteTitle "CM"]
[WhiteElo "2190"]
[BlackElo "2018"]
[WhiteTeam "Lübecker SV 1873"]
[BlackTeam "USV Halle"]
[PlyCount "67"]
[WhiteFideId "16253094"]
[BlackFideId "34603280"]
[EventCountry "GER"]
[EventRounds "7"]
[EventType "team-swiss"]
[EventDate "2024.12.26"]

1. e4 c6 2. d4 d5 3. e5 Bf5 4. Nd2 e6 5. Nb3 Nd7 6. Nf3 Ne7 7. Be2 Qc7 8. O-O
Nc8 9. a4 a6 10. Be3 Be7 11. Ne1 Na7 12. g4 Bg6 13. f4 f6 14. Nd3 fxe5 15. fxe5
c5 16. Nbxc5 Nxc5 17. dxc5 Nc6 18. b4 Bxd3 19. cxd3 d4 20. Bd2 g5 21. Qb3 Qxe5
22. Bf3 Nd8 23. Rae1 Qc7 24. Be4 Qd7 25. Bf5 exf5 26. Bxg5 Nc6 27. b5 axb5 28.
axb5 f4 29. Rxf4 Ra1 30. Rxa1 Bxg5 31. bxc6 bxc6 32. Re1+ Be7 33. Qb8+ Qd8 34.
Qxd8+ 1-0

[Event "DVM U16 2024"]
[Site "Sebnitz GER"]
[Date "2024.12.27"]
[Round "1"]
[White "Haase, Alexander"]
[Black "Sommer, Justus"]
[Result "0-1"]
[Termination "normal"]
[Board "2.2"]
[WhiteElo "1701"]
[BlackElo "2128"]
[WhiteTeam "USV Halle"]
[BlackTeam "Lübecker SV 1873"]
[PlyCount "84"]
[WhiteFideId "34606602"]
[BlackFideId "16245008"]
[EventCountry "GER"]
[EventRounds "7"]
[EventType "team-swiss"]
[EventDate "2024.12.26"]

1. e4 e5 2. Nf3 Nc6 3. Bc4 Bc5 4. c3 Nf6 5. d4 exd4 6. O-O Nxe4 7. cxd4 d5 8.
dxc5 dxc4 9. Qe2 Qd3 10. Re1 f5 11. Nbd2 O-O 12. Nxe4 fxe4 13. Qxe4 Bf5 14. Qh4
Rae8 15. Bf4 Be4 16. Qg3 Bxf3 17. Rxe8 Rxe8 18. Qxf3 Qxf3 19. gxf3 Nd4 20. Kg2
Re2 21. Bxc7 Ne6 22. Bd6 Rxb2 23. Re1 Kf7 24. a3 c3 25. Be5 Rb3 26. Rc1 Nxc5
27. Rxc3 Rxc3 28. Bxc3 g6 29. f4 Ke6 30. Kf3 Kd5 31. Ke3 a6 32. Bb4 Ne6 33. h4
Nd4 34. Bf8 Nf5+ 35. Kd3 Nxh4 36. Be7 Nf5 37. Bb4 h5 38. Ke2 Ke4 39. Bd2 Nd4+
40. Kf1 Ne6 41. Kg2 Nxf4+ 42. Bxf4 Kxf4 0-1

[Event "DVM U16 2024"]
[Site "Sebnitz GER"]
[Date "2024.12.27"]
[Round "1"]
[White "Engels, Ruben"]
[Black "Patzschke, Carlo"]
[Result "0-1"]
[Termination "normal"]
[Board "2.3"]
[WhiteElo "1902"]
[BlackElo "1847"]
[WhiteTeam "Lübecker SV 1873"]
[BlackTeam "USV Halle"]
[PlyCount "76"]
[WhiteFideId "34612939"]
[BlackFideId "34617973"]
[EventCountry "GER"]
[EventRounds "7"]
[EventType "team-swiss"]
[EventDate "2024.12.26"]

1. d4 Nf6 2. c4 c5 3. d5 e6 4. Nc3 exd5 5. cxd5 d6 6. Nf3 g6 7. Bf4 a6 8. a4
Bg7 9. h3 O-O 10. e3 Qe7 11. Bd3 Nbd7 12. O-O Nh5 13. Bh2 f5 14. Re1 Kh8 15.
Nd2 Ne5 16. Be2 Nf6 17. f4 Nf7 18. Bf3 Qc7 19. g4 Re8 20. Kg2 Bd7 21. g5 Ne4
22. Bxe4 Bxc3 23. Bxf5 Bxb2 24. Bxd7 Qxd7 25. Rb1 Bg7 26. a5 Qc7 27. Qc2 Re7
28. Rb6 Rae8 29. Nc4 Re4 30. Reb1 R4e7 31. R1b3 Qd7 32. Qb1 Qa4 33. Nxd6 Nxd6
34. Rxd6 Qxa5 35. Kf3 Qd2 36. Bg1 c4 37. Ra3 c3 38. Qf1 c2 0-1

[Event "DVM U16 2024"]
[Site "Sebnitz GER"]
[Date "2024.12.27"]
[Round "1"]
[White "Lischka, Marten"]
[Black "Hellenbroich, Hanno"]
[Result "0-1"]
[Termination "normal"]
[Board "2.4"]
[WhiteElo "1747"]
[BlackElo "1771"]
[WhiteTeam "USV Halle"]
[BlackTeam "Lübecker SV 1873"]
[PlyCount "78"]
[WhiteFideId "34603328"]
[BlackFideId "16270762"]
[EventCountry "GER"]
[EventRounds "7"]
[EventType "team-swiss"]
[EventDate "2024.12.26"]

1. e4 c5 2. Nc3 d6 3. f4 g6 4. Nf3 Bg7 5. Bc4 Nc6 6. d3 e6 7. O-O Nge7 8. Qe1
a6 9. a3 O-O 10. Ba2 b5 11. Ne2 b4 12. Rb1 Rb8 13. Be3 a5 14. d4 cxd4 15. Nexd4
Ba6 16. Rf2 Qc7 17. axb4 Nxb4 18. Bb3 Nec6 19. Rd2 Nd3 20. Qh4 Nxd4 21. Nxd4
Nc5 22. f5 exf5 23. exf5 Rfe8 24. Bf2 Ne4 25. Rdd1 Nxf2 26. Qxf2 Re4 27. f6 Bh6
28. Re1 Rbe8 29. Rxe4 Rxe4 30. Re1 d5 31. Rxe4 dxe4 32. c3 e3 33. Qe1 e2 34.
Bd5 Qe5 35. Bf3 Bd2 36. Nc6 Qe3+ 37. Kh1 Bxe1 38. Nd4 Bf2 39. Bxe2 Qc1+ 0-1

[Event "DVM U16 2024"]
[Site "Sebnitz GER"]
[Date "2024.12.27"]
[Round "1"]
[White "Möller, Maurin"]
[Black "Korchynskyi, Mykola"]
[Result "1-0"]
[Termination "normal"]
[Board "3.1"]
[BlackTitle "FM"]
[WhiteElo "2233"]
[BlackElo "2284"]
[WhiteTeam "SK Blauer Springer Paderborn 1926"]
[BlackTeam "SF Essen-Katernberg 04/32"]
[PlyCount "119"]
[WhiteFideId "16265696"]
[BlackFideId "34138005"]
[EventCountry "GER"]
[EventRounds "7"]
[EventType "team-swiss"]
[EventDate "2024.12.26"]

1. e4 c6 2. d4 d5 3. e5 Bf5 4. h4 h5 5. c4 e6 6. Nc3 dxc4 7. Bxc4 Nd7 8. Nge2
Be7 9. g3 b5 10. Bd3 Bxd3 11. Qxd3 b4 12. Ne4 Nxe5 13. Qc2 Nf3+ 14. Kf1 Qd5 15.
Kg2 f5 16. Kxf3 Nf6 17. Nf4 Qxe4+ 18. Qxe4 Nxe4 19. Nxe6 Kf7 20. Nf4 Bf6 21.
Be3 Rhd8 22. Rhd1 g6 23. Nd3 a5 24. Rac1 Rd6 25. Rc4 Rad8 26. Ke2 Kg8 27. Rdc1
Kh7 28. Rxc6 Nc3+ 29. R6xc3 bxc3 30. bxc3 Rb6 31. d5 Rb7 32. c4 a4 33. Rc2 a3
34. Bc5 Rb2 35. Kd2 Re8 36. Nb4 f4 37. Kd3 f3 38. Nc6 Re2 39. Nb4 Re1 40. d6
Kg7 41. Rd2 Kf7 42. Nd5 Re2 43. Rd1 Bd8 44. Bxa3 Rxa2 45. Bc5 Rab2 46. Be3 Ke8
47. Ke4 Kd7 48. Kxf3 Rec2 49. c5 Rb3 50. Ke4 Rc4+ 51. Ke5 Rb7 52. Nf4 Rbb4 53.
Kd5 Bf6 54. Nxg6 Re4 55. c6+ Kd8 56. d7 Kc7 57. Bf4+ Kd8 58. Kd6 Rbc4 59. Be3
Be5+ 60. Nxe5 1-0

[Event "DVM U16 2024"]
[Site "Sebnitz GER"]
[Date "2024.12.27"]
[Round "1"]
[White "Goldkuhle, Collin"]
[Black "Weeke, Tom"]
[Result "0-1"]
[Termination "normal"]
[Board "3.2"]
[WhiteElo "1970"]
[BlackElo "1785"]
[WhiteTeam "SF Essen-Katernberg 04/32"]
[BlackTeam "SK Blauer Springer Paderborn 1926"]
[PlyCount "84"]
[WhiteFideId "16271106"]
[BlackFideId "34607080"]
[EventCountry "GER"]
[EventRounds "7"]
[EventType "team-swiss"]
[EventDate "2024.12.26"]

1. e4 e6 2. d4 d5 3. Nd2 c5 4. exd5 Qxd5 5. Ngf3 cxd4 6. Bc4 Qd6 7. O-O Nf6 8.
Nb3 Nc6 9. Nbxd4 Nxd4 10. Nxd4 Be7 11. c3 O-O 12. Qf3 Qc7 13. Bb3 a5 14. Re1
Bd6 15. h3 Bd7 16. Bg5 Be7 17. Nf5 exf5 18. Rxe7 Ne4 19. Bf4 Qd8 20. Re5 Qf6
21. Bd5 Bc6 22. Bxc6 bxc6 23. Bh2 Rfe8 24. Rxf5 Qg6 25. h4 Nd2 26. Qh3 Qe6 27.
g4 Qe2 28. Rf4 Rad8 29. Qg2 Qe1+ 30. Rxe1 Rxe1+ 31. Qf1 Rxf1+ 32. Kg2 Rb1 33.
Ra4 Rxb2 34. Rxa5 Ne4 35. Bg1 Nxc3 36. a3 Nd5 37. Ra6 c5 38. Rc6 c4 39. Kf3 c3
40. a4 c2 41. a5 Rb3+ 42. Kg2 Rc3 0-1

[Event "DVM U16 2024"]
[Site "Sebnitz GER"]
[Date "2024.12.27"]
[Round "1"]
[White "Rogalski, Niclas"]
[Black "Berresheim, Nils"]
[Result "0-1"]
[Termination "normal"]
[Board "3.3"]
[WhiteElo "1666"]
[BlackElo "1893"]
[WhiteTeam "SK Blauer Springer Paderborn 1926"]
[BlackTeam "SF Essen-Katernberg 04/32"]
[PlyCount "58"]
[WhiteFideId "34640320"]
[BlackFideId "16246306"]
[EventCountry "GER"]
[EventRounds "7"]
[EventType "team-swiss"]
[EventDate "2024.12.26"]

1. e4 c5 2. Nf3 e6 3. d4 cxd4 4. Nxd4 Nc6 5. Nc3 a6 6. Be3 Nf6 7. f3 d5 8. exd5
Nxd5 9. Nxc6 bxc6 10. Nxd5 cxd5 11. c4 Rb8 12. Bd4 Bb4+ 13. Kf2 O-O 14. a3 Be7
15. Rc1 e5 16. Be3 d4 17. Bd2 Rxb2 18. Rc2 Rb3 19. Ra2 Qb6 20. g3 Bf5 21. g4
Bd7 22. c5 Bxc5 23. Bc4 Rb2 24. Rxb2 Qxb2 25. Bxa6 Ra8 26. Bc4 Rxa3 27. Qc1 Qb7
28. Re1 Qxf3+ 29. Kg1 Qxg4+ 0-1

[Event "DVM U16 2024"]
[Site "Sebnitz GER"]
[Date "2024.12.27"]
[Round "1"]
[White "Klaus, Daniel"]
[Black "Wolek, Lukas"]
[Result "0-1"]
[Termination "normal"]
[Board "3.4"]
[WhiteElo "1717"]
[BlackElo "1626"]
[WhiteTeam "SF Essen-Katernberg 04/32"]
[BlackTeam "SK Blauer Springer Paderborn 1926"]
[PlyCount "60"]
[WhiteFideId "16286286"]
[BlackFideId "34689796"]
[EventCountry "GER"]
[EventRounds "7"]
[EventType "team-swiss"]
[EventDate "2024.12.26"]

1. e4 e5 2. Nc3 Nf6 3. g3 d5 4. exd5 Nxd5 5. Bg2 Nxc3 6. bxc3 Bd6 7. Nf3 O-O 8.
O-O Nc6 9. Rb1 Rb8 10. Re1 Re8 11. d4 exd4 12. Rxe8+ Qxe8 13. cxd4 Na5 14. Qd3
f6 15. Bd2 Qa4 16. Bc3 Be6 17. d5 Bf7 18. Bf1 a6 19. Qd4 Qxa2 20. Ra1 Qxd5 21.
Bxa5 Qxf3 22. Bg2 Qf5 23. Qa4 b5 24. Qh4 g5 25. Qe4 Qxe4 26. Bxe4 b4 27. Bd3
Bg6 28. Bxg6 hxg6 29. c3 b3 30. Rb1 Rb5 0-1

[Event "DVM U16 2024"]
[Site "Sebnitz GER"]
[Date "2024.12.27"]
[Round "1"]
[White "Torosyan, Bagrat"]
[Black "Sydykov, Bayastan"]
[Result "1/2-1/2"]
[Termination "normal"]
[Board "4.1"]
[BlackTitle "FM"]
[WhiteElo "2153"]
[BlackElo "2221"]
[WhiteTeam "TSG Oberschöneweide"]
[BlackTeam "SK 1858 Gießen"]
[PlyCount "105"]
[WhiteFideId "16258134"]
[BlackFideId "13829610"]
[EventCountry "GER"]
[EventRounds "7"]
[EventType "team-swiss"]
[EventDate "2024.12.26"]

1. Nf3 Nf6 2. g3 c5 3. c4 Nc6 4. Bg2 d5 5. cxd5 Nxd5 6. Nc3 Nb6 7. O-O e5 8. b3
Be7 9. Bb2 Bf5 10. Rc1 O-O 11. d3 Qd7 12. Ne4 Bxe4 13. dxe4 Qe6 14. Ba3 Rfd8
15. Qe1 Nd7 16. h4 b6 17. Qd2 Nf6 18. Qc2 h6 19. Rfd1 Bd6 20. Bb2 a5 21. a3 b5
22. Ne1 a4 23. b4 c4 24. Bc3 Bc7 25. e3 g5 26. Nf3 Qg4 27. Nh2 Qh5 28. Bf3 Qg6
29. hxg5 hxg5 30. Ng4 Kg7 31. Kg2 Rh8 32. Rh1 Rad8 33. Nxf6 Qxf6 34. Be2 Bb6
35. Rxh8 Rxh8 36. Qb1 Rh2+ 37. Kxh2 Qxf2+ 38. Kh1 Qxe2 39. Qb2 Qxb2 40. Bxb2
Bxe3 41. Rd1 Nd4 42. g4 f6 43. Kg2 Kf7 44. Kf1 Ke6 45. Bc1 Nc2 46. Ke2 Bd4 47.
Rh1 Bc3 48. Kd1 Nd4 49. Rh3 Ba1 50. Bd2 Nb3 51. Bc3 Bxc3 52. Rxc3 Kf7 53. Ke2
1/2-1/2

[Event "DVM U16 2024"]
[Site "Sebnitz GER"]
[Date "2024.12.27"]
[Round "1"]
[White "Sasikumar Anitha, Sarvesh"]
[Black "Ruddat, Jarne"]
[Result "1-0"]
[Termination "normal"]
[Board "4.2"]
[WhiteElo "1850"]
[BlackElo "1970"]
[WhiteTeam "SK 1858 Gießen"]
[BlackTeam "TSG Oberschöneweide"]
[PlyCount "67"]
[WhiteFideId "34609245"]
[BlackFideId "16254236"]
[EventCountry "GER"]
[EventRounds "7"]
[EventType "team-swiss"]
[EventDate "2024.12.26"]

1. e4 c5 2. Nf3 Nc6 3. d4 cxd4 4. Nxd4 g6 5. c4 Bg7 6. Be3 Nf6 7. Nc3 O-O 8.
Be2 d6 9. O-O Nxd4 10. Bxd4 Bd7 11. h3 Bc6 12. Qc2 a5 13. b3 Nd7 14. Bxg7 Kxg7
15. Rad1 Qb6 16. Kh1 Nc5 17. f4 a4 18. Rb1 axb3 19. axb3 Qb4 20. Bf3 f6 21. Nd5
Bxd5 22. exd5 Ra3 23. Rfe1 Kf7 24. Re3 b6 25. Qe2 Re8 26. Re1 Ra7 27. f5 b5 28.
fxg6+ hxg6 29. Kh2 Nxb3 30. Bh5 gxh5 31. Qxh5+ Kf8 32. Qh8+ Kf7 33. Qh7+ Kf8
34. Rg3 1-0

[Event "DVM U16 2024"]
[Site "Sebnitz GER"]
[Date "2024.12.27"]
[Round "1"]
[White "Smith, Tobias"]
[Black "Himmelspacht, Maxim"]
[Result "1-0"]
[Termination "normal"]
[Board "4.3"]
[WhiteElo "2006"]
[BlackElo "1808"]
[WhiteTeam "TSG Oberschöneweide"]
[BlackTeam "SK 1858 Gießen"]
[PlyCount "73"]
[WhiteFideId "16254228"]
[BlackFideId "16287932"]
[EventCountry "GER"]
[EventRounds "7"]
[EventType "team-swiss"]
[EventDate "2024.12.26"]

1. d4 d5 2. c4 e6 3. Nc3 Nf6 4. cxd5 exd5 5. Bg5 Be7 6. e3 O-O 7. Bd3 h6 8. Bh4
Re8 9. Qc2 c6 10. Nf3 Nbd7 11. O-O Ne4 12. Bxe7 Qxe7 13. Rab1 a5 14. a3 Ndf6
15. b4 axb4 16. axb4 Nxc3 17. Qxc3 Ne4 18. Bxe4 dxe4 19. Nd2 Bd7 20. Nc4 Red8
21. Nb6 Ra6 22. Qc5 Qe8 23. Nc4 Qe6 24. Ra1 Rb8 25. Rxa6 bxa6 26. Nb6 Qe8 27.
h3 Qd8 28. Nxd7 Qxd7 29. Rc1 Rc8 30. d5 Qc7 31. dxc6 Rd8 32. Qc4 Re8 33. Qxa6
f5 34. Qb7 Re7 35. Qxc7 Rxc7 36. b5 Kf7 37. b6 1-0

[Event "DVM U16 2024"]
[Site "Sebnitz GER"]
[Date "2024.12.27"]
[Round "1"]
[White "Reis, Sophie"]
[Black "Sundui, Chinguun"]
[Result "0-1"]
[Termination "normal"]
[Board "4.4"]
[WhiteElo "1515"]
[BlackElo "1945"]
[WhiteTeam "SK 1858 Gießen"]
[BlackTeam "TSG Oberschöneweide"]
[PlyCount "80"]
[WhiteFideId "34652485"]
[BlackFideId "4907930"]
[EventCountry "GER"]
[EventRounds "7"]
[EventType "team-swiss"]
[EventDate "2024.12.26"]

1. e4 c5 2. Nf3 Nc6 3. d4 cxd4 4. Nxd4 g6 5. c4 Bg7 6. Be3 Nf6 7. Nc3 O-O 8.
Be2 d6 9. O-O Bd7 10. h3 Nxd4 11. Bxd4 Bc6 12. Qc2 a5 13. b3 Nd7 14. Bxg7 Kxg7
15. Rad1 Qb6 16. Kh1 Nc5 17. f4 a4 18. Rb1 axb3 19. axb3 Qb4 20. Na2 Qb6 21.
Nc3 Ne6 22. f5 gxf5 23. exf5 Qe3 24. Bf3 Nd4 25. Qb2 Bxf3 26. Rxf3 Nxf3 27.
Nd5+ Qe5 28. gxf3 Qxb2 29. Rxb2 Ra1+ 30. Kh2 Rfa8 31. Nxe7 R8a2 32. Rxa2 Rxa2+
33. Kg3 Kf6 34. Nd5+ Kxf5 35. Kh4 Ra3 36. Ne3+ Kg6 37. Nd5 Rxb3 38. f4 Rd3 39.
f5+ Kxf5 40. Ne7+ Ke6 0-1

[Event "DVM U16 2024"]
[Site "Sebnitz GER"]
[Date "2024.12.27"]
[Round "1"]
[White "Zhang, Yibo"]
[Black "Vollbehr, Bjarne"]
[Result "0-1"]
[Termination "normal"]
[Board "5.1"]
[WhiteElo "1982"]
[BlackElo "2075"]
[WhiteTeam "SV Stuttgart-Wolfbusch 1956"]
[BlackTeam "SK Doppelbauer Kiel 1910"]
[PlyCount "120"]
[WhiteFideId "16287657"]
[BlackFideId "34606025"]
[EventCountry "GER"]
[EventRounds "7"]
[EventType "team-swiss"]
[EventDate "2024.12.26"]

1. e4 e5 2. Nf3 Nc6 3. Bb5 a6 4. Ba4 Nf6 5. O-O b5 6. Bb3 Bc5 7. a4 Rb8 8. c3
d6 9. d4 Bb6 10. a5 Ba7 11. h3 Bb7 12. Be3 Nxe4 13. d5 Bxe3 14. dxc6 Nxf2 15.
Qd5 Qf6 16. Rxf2 Bc8 17. Nbd2 O-O 18. Bc2 Qh6 19. Nf1 Bxf2+ 20. Kxf2 Be6 21.
Qd2 Qxd2+ 22. N1xd2 f6 23. g4 g6 24. b4 Kf7 25. Ke3 Ke7 26. Nb3 f5 27. gxf5
gxf5 28. Ng5 Bd5 29. Nd2 Rg8 30. Ngf3 Kf6 31. Rf1 Rg3 32. Ke2 Rg2+ 33. Kd1 f4
34. Ne4+ Ke7 35. Rg1 Rbg8 36. Rxg2 Rxg2 37. Bd3 Bxc6 38. h4 d5 39. Nxe5 dxe4
40. Nxc6+ Kd6 41. Bxe4 Rg3 42. Nb8 Re3 43. Bh1 f3 44. Nxa6 f2 45. Bg2 Re1+ 46.
Kc2 f1=Q 47. Bxf1 Rxf1 48. Kb2 c6 49. h5 Rh1 50. Nc5 Kc7 51. Ne6+ Kb7 52. Nd8+
Ka6 53. Nxc6 Rxh5 54. Kb3 Rg5 55. Nd4 h5 56. Ne6 Re5 57. Nc7+ Kb7 58. Nxb5 Rxb5
59. c4 Rxa5 60. bxa5 h4 0-1

[Event "DVM U16 2024"]
[Site "Sebnitz GER"]
[Date "2024.12.27"]
[Round "1"]
[White "Bräutigam, Alexander"]
[Black "Farin, Kai"]
[Result "1-0"]
[Termination "normal"]
[Board "5.2"]
[WhiteElo "2054"]
[BlackElo "1727"]
[WhiteTeam "SK Doppelbauer Kiel 1910"]
[BlackTeam "SV Stuttgart-Wolfbusch 1956"]
[PlyCount "127"]
[WhiteFideId "16245210"]
[BlackFideId "34628312"]
[EventCountry "GER"]
[EventRounds "7"]
[EventType "team-swiss"]
[EventDate "2024.12.26"]

1. c4 g6 2. Nf3 c6 3. d4 d6 4. Nc3 Bg7 5. e4 e5 6. Be3 f5 7. dxe5 dxe5 8. Qxd8+
Kxd8 9. O-O-O+ Kc7 10. Bc5 Be6 11. Bd6+ Kc8 12. Bxe5 Bxe5 13. Nxe5 Nf6 14. exf5
gxf5 15. Bd3 Rg8 16. g3 Na6 17. Rhe1 Nc5 18. Bc2 a5 19. b3 Kc7 20. Nd3 Nxd3+
21. Rxd3 Rae8 22. Rde3 Bc8 23. f4 Rxe3 24. Rxe3 Re8 25. Nd1 Kd6 26. Kd2 Be6 27.
Nf2 Bd7 28. Nd1 Be6 29. Re5 Ng4 30. Re2 Re7 31. h3 Nh6 32. Ne3 Bd7 33. a3 b6
34. b4 axb4 35. axb4 Rg7 36. Rg2 c5 37. b5 Bc8 38. Ke1 Bb7 39. Rd2+ Ke6 40. Kf2
Rg8 41. Bb1 Ba8 42. Bc2 Bb7 43. Bd1 Rf8 44. Bf3 Bxf3 45. Kxf3 Nf7 46. Nd5 Nd6
47. Nxb6 Rb8 48. Na4 Nxc4 49. Nxc5+ Ke7 50. Rd7+ Ke8 51. Rd4 Na3 52. Na6 Nxb5
53. Rd5 Ra8 54. Rxb5 Rxa6 55. Rxf5 Ra3+ 56. Kg4 Ra6 57. Kh4 h6 58. g4 Rb6 59.
Kh5 Ra6 60. h4 Rb6 61. g5 hxg5 62. fxg5 Rb1 63. Kg6 Rb6+ 64. Rf6 1-0

[Event "DVM U16 2024"]
[Site "Sebnitz GER"]
[Date "2024.12.27"]
[Round "1"]
[White "Marinin, Georgii"]
[Black "Bräutigam, Katerina"]
[Result "0-1"]
[Termination "normal"]
[Board "5.3"]
[BlackTitle "WFM"]
[WhiteElo "1747"]
[BlackElo "1947"]
[WhiteTeam "SV Stuttgart-Wolfbusch 1956"]
[BlackTeam "SK Doppelbauer Kiel 1910"]
[PlyCount "120"]
[WhiteFideId "34617140"]
[BlackFideId "16242980"]
[EventCountry "GER"]
[EventRounds "7"]
[EventType "team-swiss"]
[EventDate "2024.12.26"]

1. d4 Nf6 2. Nf3 e6 3. g3 b6 4. Bg2 Bb7 5. O-O c5 6. c4 Be7 7. Nc3 d5 8. dxc5
Bxc5 9. cxd5 Nxd5 10. Nxd5 Qxd5 11. Qxd5 Bxd5 12. b3 Nc6 13. Bb2 f6 14. Rac1
Ke7 15. Rfe1 Be4 16. Rc4 Bd5 17. Rcc1 e5 18. e4 Be6 19. Red1 Rhd8 20. Bf1 Bg4
21. Be2 Bxf3 22. Bxf3 Nb4 23. Ba3 Rxd1+ 24. Bxd1 Nd3 25. Bxc5+ Nxc5 26. b4 Nxe4
27. Bf3 f5 28. Rc7+ Kf6 29. Bxe4 fxe4 30. Kf1 b5 31. Rc5 a6 32. Ke2 h5 33. Ke3
Kf5 34. h3 Rd8 35. Rc7 Rd3+ 36. Ke2 g6 37. Rf7+ Ke6 38. Rg7 Kf6 39. Rc7 Ra3 40.
Rc2 Kf5 41. Kf1 g5 42. Kg2 g4 43. h4 e3 44. fxe3 Ke4 45. Kf2 Rxe3 46. Rc6 Ra3
47. Rh6 Rxa2+ 48. Ke1 Kf3 49. Rxh5 e4 50. Rf5+ Kxg3 51. h5 Rh2 52. Re5 Kf4 53.
Re6 Rxh5 54. Rxa6 g3 55. Rf6+ Rf5 56. Rg6 Kf3 57. Kf1 e3 58. Ke1 g2 59. Rg7 Rf4
60. Rg5 Rg4 0-1

[Event "DVM U16 2024"]
[Site "Sebnitz GER"]
[Date "2024.12.27"]
[Round "1"]
[White "Farokhi, Darian"]
[Black "Friedrich, Timofej"]
[Result "1/2-1/2"]
[Termination "normal"]
[Board "5.4"]
[WhiteElo "1858"]
[BlackElo "1698"]
[WhiteTeam "SK Doppelbauer Kiel 1910"]
[BlackTeam "SV Stuttgart-Wolfbusch 1956"]
[PlyCount "46"]
[WhiteFideId "16253108"]
[BlackFideId "34617191"]
[EventCountry "GER"]
[EventRounds "7"]
[EventType "team-swiss"]
[EventDate "2024.12.26"]

1. e4 c6 2. d4 d5 3. exd5 cxd5 4. Bd3 Nc6 5. c3 Nf6 6. h3 g6 7. Qc2 Bg7 8. Nf3
O-O 9. O-O e6 10. Re1 Bd7 11. Be3 Rc8 12. Qe2 Na5 13. Nbd2 Qc7 14. Rad1 Nc4 15.
Nxc4 dxc4 16. Bc2 Nd5 17. Bc1 b5 18. a3 a5 19. Be4 Bc6 20. Bd2 Rfe8 21. Kh1 f5
22. Bxd5 Bxd5 23. Ne5 Bxe5 1/2-1/2